000 00461cam a2200193ua 4500
020 _c60.00
041 _aeng
_h
082 _a621.381
_bVAL/BA
100 _aValkenburgh, Van .
245 _aBasic electronics /
_cNeviele.
_hTextual Documents
250 _a2 /
_b.
260 _aBombay :
_bAsia Publishing House ,
_c1966.
300 _a ; .
365 _a60.00
504 _a
700 1 _aNooger, Neviele .
942 _cBK
999 _c3186
_d3186